| 000 | 01434nas a2200253 454500 | ||
|---|---|---|---|
| 001 | 53986 | ||
| 005 | 20260407193512.0 | ||
| 008 | 260407s1961####ag###########|||spa#d | ||
| 003 | AR-UNSa-BCEJYS | ||
| 040 |
_aAR-UNSa-BCEJYS _bspa _cAR-UNSa-BCEJYS |
||
| 080 |
_a336.22 _xImpuestos |
||
| 245 | 1 | 0 |
_aLa información _pimpuestos-sociedades |
| 264 | 1 |
_aBuenos Aires : _bCangallo _c1961 |
|
| 310 | _aFrecuencia: Semestral Revista La Información encudernada en tomos A partir del Tomo XII se agregan como Directores Oscar Parreño y Juan Pedro Castro Cambia de Director a partir del Tomo XIII por Juan Pedro Castro Cambia de Director a partir del Tomo XVI por Francisco Cholvis Cambia de Directores a partir del Tomo XVIII por Dino Jarach, Nicolas J. Scotti y Fernando H. Mascheroni Cambia de Directores a partir del Tomo XIX por Dino Jarach y Fernando H. Mascheroni Cambia de Directores a partir del Tomo XXXVI por Dino Jarach, Fernando H. Mascheroni y Valentin Rubio Cambia de Directores a partir del Tomo XLIII por Dino Jarach, Héctor Alegria y Valentin Rubio Cambia de Directores a partir del Tomo XLVII por Dino Jarach, Raúl Aníbal Etcheverry y Valentin Rubio | ||
| 041 | _aspa | ||
| 942 | _cSER | ||
| 590 | _aniveau_biblio:s niveau_hierar:1 | ||
| 100 | 1 | _aRico, Manuel A. | |
| 700 | 1 | _aNanclares, Elias A. | |
| 650 | _aSeguridad social | ||
| 650 | _aTrabajo | ||
| 650 | _aIMPUESTOS | ||
| 650 | _aSOCIEDADES COMERCIALES | ||
| 999 |
_c8969 _d8969 |
||